History Quiz

Random History or Clickable Quiz
Score 0/50 Timer 12:00
0 Plays Today
% Correct
1865
86.6%
1863
83.1%
1861
81.7%
1897
81.7%
1857
80.3%
1898
80.3%
1896
78.2%
1881
76.8%
1860
76.1%
1853
75.4%
1885
75.4%
1893
75.4%
1862
73.9%
1866
73.9%
1873
73.9%
1876
73.9%
1869
73.2%
1899
69.7%
1900
69.7%
1851
69%
1887
69%
1889
69%
1877
68.3%
1888
66.9%
1859
64.8%
% Correct
1870
64.8%
1854
63.4%
1868
62.7%
1856
62%
1867
62%
1871
55.6%
1874
54.2%
1886
52.8%
1852
52.1%
1858
52.1%
1883
52.1%
1890
51.4%
1895
51.4%
1855
50.7%
1872
50.7%
1878
49.3%
1880
49.3%
1894
49.3%
1864
47.9%
1882
47.9%
1875
40.8%
1879
40.1%
1892
40.1%
1891
39.4%
1884
31%
Remove Ads.
Support Sporcle.
Get the best of Sporcle when you Go Orange. This ad-free experience offers more features, more stats, and more fun while also helping to support Sporcle. Thank you for becoming a member.

You're not logged in!

Compare scores with friends on all Sporcle quizzes.
OR
Log In

Show Comments

Extras

Created Jul 21, 2012ReportNominate
Tags:Clickable Quiz, three

Top Quizzes Today


Score Distribution

Your Account Isn't Verified!

In order to create a playlist on Sporcle, you need to verify the email address you used during registration. Go to your Sporcle Settings to finish the process.

Report this User

Report this user for behavior that violates our Community Guidelines.

Details: